Statistics for Kurt Vonnegut Bibliography

Click here to take the quiz!

General Stats

  • This quiz has been taken 16 times
  • The average score is 13 of 263

Answer Stats

TypeYearName% Correct
Novel1969Slaughterhouse-Five
100%
Novel1973Breakfast of Champions
93%
Novel1963Cat's Cradle
73%
Novel1985Galápagos
67%
Novel1952Player Piano
67%
Novel1965God Bless You, Mr. Rosewater
60%
Novel1959The Sirens of Titan
60%
Novel1962Mother Night
53%
Novel1997Timequake
53%
Novel1987Bluebeard, the Autobiography of Rabo Karabekian (1916–1988)
47%
Novel1982Deadeye Dick
47%
Novel1990Hocus Pocus
47%
Short Story Collection1968Welcome to the Monkey House
47%
Short Story1968Welcome to the Monkey House
47%
Novel1979Jailbird
40%
Novel1976Slapstick
40%
Short Story1961Harrison Bergeron
33%
Short Story1954Bagombo Snuff Box
20%
Short Story Collection1999Bagombo Snuff Box
20%
Essay Collection2005A Man Without a Country
13%
Short Story Collection1961Canary in a Cat House
13%
Fictional Interview Collection1999God Bless You, Dr. Kevorkian
13%
Short Story2009Look at the Birdie
13%
Short Story Collection2009Look at the Birdie
13%
Writing Collection1981Palm Sunday
13%
Article????Palm Sunday
13%
Short Story1951The Foster Portfolio
13%
Short Story1954Tomorrow and Tomorrow and Tomorrow
13%
Short Story1951All the King's Horses
7%
Short Story2008Armageddon in Retrospect
7%
Short Story Collection2008Armageddon in Retrospect
7%
Short Story2008Brighten Up
7%
Short Story1950EPICAC
7%
Article1984Fates Worse Than Death
7%
Writing Collection1991Fates Worse Than Death
7%
Short Story1962Go Back to Your Precious Wife and Son
7%
Short Story2008Great Day
7%
Short Story2008Guns Before Butter
7%
Short Story2008Happy Birthday, 1951
7%
Short Story2008Just You and Me, Sammy
7%
Article2007Kurt Vonnegut at Clowes Hall, Indianapolis, April 27, 2007
7%
Article1975Letter
7%
Article1945Letter from PFC Kurt Vonnegut, Jr., to His Family, May 29, 1945
7%
Interview1999Like Shaking Hands with God
7%
Short Story2008Spoils
7%
Children's Book1980Sun, Moon, Star
7%
Short Story1972The Big Space F**k
7%
Short Story2008The Commandant's Desk
7%
Short Story1968The Hyannis Port Story
7%
Short Story2008The Unicorn Trap
7%
Short Story2008Unknown Soldier
7%
Short Story2008Wailing Shall Be in All Streets
7%
Writing Collection1974Wampeters, Foma and Granfalloons
7%
Short Story2011While Mortals Sleep
7%
Short Story Collection2011While Mortals Sleep
7%
Short Story2011$10,000 a Year, Easy
0%
Short Story19622 B R 0 2 B
0%
Article1975About This Play
0%
Short Story1954Adam
0%
Article1973Address to P.E.N. Conference in Stockholm, 1973
0%
Article1985A Dream of the Future (Not Excluding Lobsters)
0%
Short Story1954Ambitious Sophomore
0%
Article2004American Christmas Card 2004
0%
Article1992America: Right and Wrong
0%
Short Story2017And on Your Left
0%
Short Story1957A Night for Love
0%
Short Story1952Any Resonable Offer
0%
Article1973A Political Disease
0%
Short Story1954A Present for Big Nick
0%
Article????As a Kid I Was the Youngest
0%
Article????A Sappy Woman from Ypsilanti
0%
Short Story2009A Song for Selma
0%
Short Story2017Atrocity Story
0%
Article1987Author's Note to Bluebeard
0%
Article2005Author's Note to Man Without a Country
0%
Article1982Avoiding the Big Bang
0%
Short Story2012Basic Training
0%
Article1998Bernard Vonnegut: The Rainmaker
0%
Article1970Biafra: A People Betrayed
0%
Short Story2011Bomar
0%
Article1966Brief Encounters on the Island Waterway
0%
Article1973...But Words Can Never Hurt Me
0%
Article1987Can Great Books Make Great Movies? 7 Writers Just Say No!
0%
Poem1969Carols for Christmas 1969: Tonight If I Will Let Me
0%
Short Story2017City
0%
Article1999Coda to My Career as a Writer for Periodicals
0%
Article2004Cold Turkey
0%
Short Story2009Confido
0%
Short Story1954Custom-Made Bride
0%
Article????Dear Felix
0%
Article????Dear Mr. McCarthy
0%
Article2003Dear Mr. Vonnegut
0%
Article2003Dear Mr. Vonnegut
0%
Article2003Dear Mr. Vonnegut
0%
Short Story1955Deer in the Works
0%
Article1966Don't Take It Too Seriously
0%
Article????Do Unto Others
0%
Article????Do You Know What a Humanist Is?
0%
Article????Do You Know What a Twerp Is?
0%
Short Story1953D.P.
0%
Article????Dresden Revisited
0%
Short Story2009Ed Luby's Key Club
0%
Article1965Everything Goes Like Clockwork
0%
Article1969Excelsior! We're Going to the Moon! Excelsior!
0%
Article2004False Advertising
0%
Article????Fear and Loathing in Morristown, NJ
0%
Short Story1961Find Me a Dream
0%
Article2000Foreward to A Saucer of Loneliness
0%
Article2001Foreward to At Millennium's End: New Essays on the Work of Kurt Vonnegut
0%
Article1952Foreward to Player Piano
0%
Article1996Foreward to The Vonnegut Encyclopedia: An Authorized Compendium
0%
Play1968Fortitude
0%
Short Story2009F U B A R
0%
Short Story2011Girl Pool
0%
Article????God's Law
0%
Article1969Good Missiles, Good Manners, Good Night
0%
Short Story1957Hal Irwin's Magic Lamp
0%
Short Story2009Hall of Mirrors
0%
Article2004Have I Got a Car for You!
0%
Article1965Headshrinker's Hoyle on Games We Play
0%
Article1986He Leadeth Us from Porn: God Bless You, Edwin Meese
0%
Short Story2009Hello, Red
0%
Article1965Hello, Star Vega
0%
Article????Here Is a Lesson in Creative Writing
0%
Short Story1962Hole Beautiful: Prospectus for a Magazine of Shelteredness
0%
Article????How Jokes Work
0%
Article????How to Write with Style
0%
Short Story2011Hundred-Dollar Kisses
0%
Article????I Am Embarrassed
0%
Short Story Collection2013If This Isn't Nice, What Is?: Advice to the Young
0%
Article????I Have Been Called a Luddite
0%
Article2004I Love You, Madame Librarian
0%
Article????I'm Going to Tell You Some News
0%
Article1972In a Manner That Must Shame God Himself
0%
Article1965Infarcted! Tabescent!
0%
Article1999Introduction to Bagombo Snuff Box
0%
Article1981Introduction to Palm Sunday
0%
Article1986Introduction to The Demolished Man by Alfred Bester
0%
Article1990Introduction to The Sirens of Titan
0%
Article1973Invite Rita Rait to America!
0%
Article????I Turned Eighty-Two on November 11
0%
Article????I Used to Be the Owner and Manager of an Automobile Dealership
0%
Article????James T. Farrell
0%
Short Story2011Jenny
0%
Article????Jonathan Swift
0%
Short Story2009King and Queen of the Universe
0%
Article2003Knowing What's Nice
0%
Short Story Collection2012Kurt Vonnegut: The Cornell Sun Years - 1941-1943
0%
Interview2003Kurt Vonnegut vs. the !&#*!@"
0%
Article1999Last Words for a Century
0%
Article????Lavina Lyon
0%
Article1951Letter from Kurt Vonnegut, Jr., to Walter Miller, 1951
0%
Article1989Letter to Ute Helena Bertram von Nimcz
0%
Article1975Letter: Vonnegut on Trout
0%
Short Story2009Little Drops of Water
0%
Short Story1960Long Walk to Forever
0%
Article????Louis-Ferdinand Céline
0%
Short Story1963Lovers Anonymous
0%
Play1993Make Up Your Mind
0%
Article????Mark Twain
0%
Short Story1997Merlin
0%
Play1993Miss Temptation
0%
Short Story1956Miss Temptation
0%
Short Story1951Mnemonics
0%
Short Story2011Money Talks
0%
Article1966Money Talks to the New Man
0%
Short Story1951More Stately Mansions
0%
Short Story2011Mr. Z
0%
Short Story1961My Name Is Everyone
0%
Short Story1955Next Door
0%
Essay Collection1984Nothing Is Lost Save Honor: Two Essays
0%
Article????Now Then, I Have Some Good News
0%
Article????Okay, Now Let's Have Some Fun
0%
Article1998Old Fashioned Gadgets
0%
Article1992One Hell of a Country
0%
Short Story2011Out, Brief Candle
0%
Article1970Oversexed in Indianapolis
0%
Play1960Penelope
0%
Short Story2009Petrified Ants
0%
Article1969Physicist, Purge Thyself!
0%
Article????Playboy Interview
0%
Short Story1952Poor Little Rich Town
0%
Article1982Preface to Dead-Eye Dick
0%
Article1991Preface to Fates Worse Than Death
0%
Article1974Preface to Wampeters, Foma and Granfalloons
0%
Short Story1968Preface to Welcome to the Monkey House
0%
Article1979Prologue to Jailbird
0%
Article1997Prologue to Timequake
0%
Article1971Reflections on My Own Death
0%
Short Story1950Report on the Barnhouse Effect
0%
Article????Requiem
0%
Article2004Requiem for a Dreamer
0%
Short Story2017Requiem for Zeitgeist
0%
Article1986Requiem: That Hocus Pocus Laundromat
0%
Short Story1961Runaways
0%
Short Story2011Ruth
0%
Article1965Science Fiction
0%
Article1965Second Thoughts on Teacher's Scrapbook
0%
Article????Self-Interview
0%
Short Story2009Shout About It from the Housetops
0%
Article????Something Happened by Joseph Heller
0%
Short Story1952Souvenir
0%
Article2004State of the Asylum
0%
Article2003Strange Weather Lately
0%
Short Story Collection2013Sucker's Portfolio
0%
Article2005Susan Sontag and Arthur Miller
0%
Short Story2011Tango
0%
Article1967Teaching the Unteachable
0%
Short Story1950Thanasphere
0%
Article????The Best of Bob and Ray
0%
Short Story1956The Boy Who Hated Girls
0%
Article????The Chemistry Professor
0%
Short Story1953The Cruise of Jolly Roger
0%
Short Story2017The Drone King
0%
Article2004The End Is Near
0%
Short Story2011The Epizootic
0%
Short Story1951The Euphio Question
0%
Article1966The Fall of a Climber
0%
Short Story2009The Good Explainer
0%
Short Story2011The Guardian of the Person
0%
Short Story2009The Honor of a Newsboy
0%
Short Story2011The Humbugs
0%
Short Story1955The Kid Nobody Could Handle
0%
Article1966The Latest Word
0%
Short Story1962The Lie
0%
Short Story1958The Manned Missiles
0%
Short Story2011The Man Without No Kiddleys
0%
Article1970The Mysterious Madame Blavatsky
0%
Short Story2009The Nice Little People
0%
Article????The Noodle Factory
0%
Short Story1952The No-Talent Kid
0%
Short Story1952The Package
0%
Article1955The Poor Interpreters
0%
Short Story1954The Powder-Blue Dragon
0%
Article1969There's a Maniac on the Loose Out There
0%
Article????The Rocky Graziano of American Letters
0%
Play1993The Soldier's Tale
0%
Article1965The Unsaid Says Much
0%
Play1962The Very First Christmas Morning
0%
Article1998The Work to Be Done
0%
Article1984The Worst Addiction of Them All
0%
Article1973Thinking Unthinkable, Speaking Unspeakable
0%
Short Story1956This Son of Mine...
0%
Article????Thoughts of a Free Thinker
0%
Short Story1953Tom Edison's Shaggy Dog
0%
Article1971Torture and Blubber
0%
Article????Un-American Nonsense
0%
Short Story1955Unpaid Consultant
0%
Short Story1953Unready to Wear
0%
Article1970Up Is Better Than Down
0%
Short Story Collection2012We Are What We Pretend To Be: The First and Last Works
0%
Article????What I Like About Cornell
0%
Article1972What Women Really Want Is...
0%
Article????When I Lost My Innocence
0%
Article????Who in America Is Truly Happy?
0%
Article1992Why My Dog Is Not a Humanist
0%
Article1970Why They Read Hesse
0%
Article1994Why We Need Libraries
0%
Article????William Ellery Channing
0%
Short Story2011With His Hand on the Throttle
0%
Short Story1869Yes, We Have no Nirvanas
0%
Article2005Your Guess Is as Good as Mine
0%
Article1964You've Never Been to Barnstable?
0%

Score Distribution

Percentile by Number Answered

Percent of People with Each Score

Your Score History

You have not taken this quiz